“肠粉”地点数量≥300的地级行政区 Prefectures with ≥300 "Changfen" sites - Statistics

General Stats
  • This quiz has been taken 67 times
  • The average score is 23 of 28
Answer Stats
地级行政区 数量 % Correct
深圳 4087
100%
广州 3398
100%
佛山 2030
100%
汕头 1735
100%
汕尾 471
97%
珠海 415
95%
东莞 3566
94%
揭阳 1378
94%
潮州 624
94%
茂名 403
94%
惠州 1304
92%
中山 862
92%
梅州 357
92%
江门 537
90%
清远 480
90%
肇庆 570
89%
湛江 389
87%
南宁 586
85%
河源 318
85%
厦门 563
84%
长沙 405
73%
泉州 798
71%
漳州 321
65%
重庆 622
58%
成都 1899
56%
赣州 728
56%
玉林 376
48%
南阳 309
5%
No matching quizzes found
Score Distribution
Percent of People with Each Score
Percentile by Number Answered
Your Score History
You have not taken this quiz